<?xml version="1.0" encoding="UTF-8"?>
<marc:record xmlns:marc="http://www.loc.gov/MARC21/slim">
   <marc:leader>00000nam a2200000 a 4500</marc:leader>
   <marc:datafield ind1="1" ind2=" " tag="100">
      <marc:subfield code="a">Hula, Saskia</marc:subfield>
      <marc:subfield code="4">aut</marc:subfield>
      <marc:subfield code="e">Verfasser/-in</marc:subfield>
   </marc:datafield>
   <marc:datafield ind1=" " ind2=" " tag="653">
      <marc:subfield code="a">ab 7</marc:subfield>
   </marc:datafield>
   <marc:datafield ind1="0" ind2="0" tag="245">
      <marc:subfield code="a">Der netteste Hund der Welt</marc:subfield>
   </marc:datafield>
   <marc:datafield ind1=" " ind2="1" tag="264">
      <marc:subfield code="b">Obelisk</marc:subfield>
      <marc:subfield code="c">2018</marc:subfield>
   </marc:datafield>
   <marc:datafield ind1="1" ind2=" " tag="490">
      <marc:subfield code="a">Die österreichische Kinderbibliothek</marc:subfield>
   </marc:datafield>
   <marc:datafield ind1="1" ind2=" " tag="520">
      <marc:subfield code="a">Von dem nettesten Hund der Welt, von dem Jungen, der auf einem Delfin reitet, von einem Reh, das auf Besuch kommt, von einem kleinen Drachen wie aus einem Märchenbuch und von anderen Tieren und auch Menschen, die ihre Freunde sind. Geschrieben wurden diese Erzählungen von bekannten österreichischen Kinderbuchautoren: Saskia Hula, Jutta Treiber, Anna Melach, Norbert Landa, Mira Lobe und Renate Welsh. Mit den farbenfrohen Bildern von Franz Hoffmann, einem Spezialisten für Tierzeichnungen, und der leicht lesbaren Schriftgestaltung bereitet dieses Buch echtes Lesevergnügen.</marc:subfield>
   </marc:datafield>
   <marc:datafield ind1=" " ind2=" " tag="020">
      <marc:subfield code="a">9783851978780</marc:subfield>
      <marc:subfield code="9">9783851978780</marc:subfield>
   </marc:datafield>
</marc:record>
